Ladbroke Hotels Ltd v Sandhu and another (Record no. 3211)

MARC details
000 -LEADER
fixed length control field 01656cab a2200289 4500
001 - CONTROL NUMBER
control field ABS53621
008 - FIXED-LENGTH DATA ELEMENTS--GENERAL INFORMATION
fixed length control field 090401t1995 xxu||||| |||| 00| 0 eng d
035 ## - SYSTEM CONTROL NUMBER
System control number (Sirsi) u5399
041 ## - LANGUAGE CODE
Language code of text/sound track or separate title eng
245 ## - TITLE STATEMENT
Title Ladbroke Hotels Ltd v Sandhu and another
260 ## - PUBLICATION, DISTRIBUTION, ETC.
Date of publication, distribution, etc. 1995
350 ## - PRICE (NR) (BK AM CF MU VM SE) [OBSOLETE]
Price 0
490 ## - SERIES STATEMENT
Series statement Estates Gazette
Volume/sequential designation (1995) 39 EG 152-155(4)
520 ## - SUMMARY, ETC.
Summary, etc. ChD 9 February 1995. The appellant tenant held a 9-year lease of hotel premises subject to rent review provisions. It was common ground that at review it was to be assumed that they had complied with its repairing covenant. At the 1991 review evidence was given that one of the buildings had been bedly constructed and needed extensive works estimated at £500,000 to adequately remedy serious defects or £60,000 for a schedule of repairs on the assumption that the building had a commercial life of 15 years. The arbitrator held that it was not open to the tenant to limit remedial repairs and it must be assumed that the repairing covenant obliged the tenant to carry out the full repairs. The tenant appealed on the grounds that the arbitrator had erred in disregarding the fact that a building may have a commercial life different from its structural life. The appeal was dismissed.
650 ## - SUBJECT ADDED ENTRY--TOPICAL TERM
Topical term or geographic name entry element COMMERCIAL LIFE
650 ## - SUBJECT ADDED ENTRY--TOPICAL TERM
Topical term or geographic name entry element FULL REPAIRING LEASE
650 ## - SUBJECT ADDED ENTRY--TOPICAL TERM
Topical term or geographic name entry element LEASEHOLD PROPERTY (REPAIRS) ACT 1938
650 ## - SUBJECT ADDED ENTRY--TOPICAL TERM
Topical term or geographic name entry element PREDICTED LIFE
650 ## - SUBJECT ADDED ENTRY--TOPICAL TERM
Topical term or geographic name entry element RENT REVIEWS
650 ## - SUBJECT ADDED ENTRY--TOPICAL TERM
Topical term or geographic name entry element REPAIRING COVENANTS
650 ## - SUBJECT ADDED ENTRY--TOPICAL TERM
Topical term or geographic name entry element REPAIRING OBLIGATIONS
650 ## - SUBJECT ADDED ENTRY--TOPICAL TERM
Topical term or geographic name entry element REPAIRS
650 ## - SUBJECT ADDED ENTRY--TOPICAL TERM
Topical term or geographic name entry element STRUCTURAL LIFE
690 ## - LOCAL SUBJECT ADDED ENTRY--TOPICAL TERM (OCLC, RLIN)
Topical term or geographic name as entry element LANDLORD AND TENANT-CASE LAW-BUSINESS TENANCIES
942 ## - ADDED ENTRY ELEMENTS (KOHA)
Suppress in OPAC 0
948 ## - LOCAL PROCESSING INFORMATION (OCLC); SERIES PART DESIGNATOR (RLIN)
c (OCLC) 04/03/1997
Holdings
Withdrawn status Lost status Source of classification or shelving scheme Damaged status Not for loan Home library Current library Shelving location Date acquired Total Checkouts Full call number Barcode Date last seen Copy number Price effective from Koha item type
    Dewey Decimal Classification     London London Journal article 14/09/1999   ABS53621 5399-1001 06/08/2019 1 06/08/2019 Law report